Les 3 plus grands succès de ces stars de cinéma #2 - Statistiques

Statistiques générales
  • Ce quiz a été pris 66 fois
  • Le résultat moyen est 10 sur 39
Statistiques - réponses
Hint Réponse % Correct
Johnny Depp Pirates des Caraïbes 2
89%
Pirates des Caraïbes 4
89%
Matrix Revolutions
73%
Joaquin Phoenix Joker
70%
Le Parrain
70%
La La Land
60%
Emma Stone Spider-Man : Le Destin d'un Héros
49%
Venom
41%
Seul Sur Mars
40%
Sigourney Weaver Avatar
37%
Gladiator
35%
Jesse Eisenberg Batman v. Superman
30%
Ted
27%
Gravity
25%
Matt Damon Interstellar
25%
La Vengeance dans la Peau
25%
Le Loup de Wall Street
24%
Emily Blunt Oppenheimer
22%
Inception
21%
Alice au Pays des Merveilles
19%
Insaisissables
17%
Tom Hardy The Dark Knight Rises
17%
Sans un Bruit
16%
John Wick 4
13%
Avatar : La Voie de l’eau
11%
Joker : Folie à Deux
11%
The Blind Side
10%
Mark Wahlberg Transformers 4
8%
Al Pacino Once Upon a Time In Hollywood
5%
Transformers 5
5%
Le Retour de Mary Poppins
3%
Sandra Bullock Les Minions
2%
Ocean's 13
2%
Rio
2%
The Croods
2%
Keanu Reeves Toy Story 4
2%
Jonah Hill Dragon 2
0%
La Grande Aventure Lego
0%
WALL-E
0%
Aucun quiz correspondant
Distribution des résultats
% des personnes avec chaque résultat
Percentile par nombre de réponses
Votre historique - résultats
Vous n’avez pas pris ce quiz